| 000 | 00356nmm a2200145 a 4500 | ||
|---|---|---|---|
| 003 | AR-BaBNM | ||
| 005 | 20251128203105.0 | ||
| 008 | 033119s1909 ||||||||||||||000 | spa|| | ||
| 040 | _cAR-BaBNM | ||
| 100 | 1 | _aWaleffe, Maurice | |
| 245 | 1 | 0 | _aLes paradis de l'Amérique Centrale |
| 260 |
_a[S.l.] _bE. Fasquelle _c1909 |
||
| 942 | _cBK | ||
| 998 | _cArchipretre | ||
| 999 |
_c1839 _d1839 |
||